| 000 | 00432nam a22001697a 4500 | ||
|---|---|---|---|
| 003 | NUST - PNEC | ||
| 005 | 20170116180844.0 | ||
| 008 | 150822b xxu||||| |||| 00| 0 eng d | ||
| 020 | _a- | ||
| 040 | _cLIBRARY | ||
| 082 | _a547 BAH | ||
| 100 |
_95440 _aBahl, Arun |
||
| 245 |
_aA textbook of organic chemistry (for B. Sc. students) _cArun Bahl |
||
| 260 | _cc1948. | ||
| 650 |
_95441 _aChemistry, Organic _xMIS |
||
| 942 |
_2ddc _cBK |
||
| 999 |
_c64446 _d64446 |
||